000 00824nam a22002297a 4500
005 20150225123427.0
008 140714b xxu||||| |||| 00| 0 Urdu d
010 _aUR-8680
020 q _c250.00
020 _c9789350733417
035 _aU-7235
037 _bDBAD/Pub.
040 _aDPL
_bUrdu
082 _a840.8
100 _aمر تبہ :ممتا ز مہد ی
245 _a‎مقد ما ت منجو قمر :منجو قمر کی تصا نيف کے مقد مون کا ا نتخا ب
_cمر تبہ :ممتا ز مہد ی
246 _aMuqaddamat-e-Manju Qamar
_bEdited By Mumtaz Mehdi
260 _aد ھلی
_bEducational Publishing House
_c2014
270 _a3108,Vakeel Street,Kucha Pandit,Lal Kuan
_b.Delhi
_e110006
300 _a216ص
_c22Cm (Hb)
942 _2ddc
_cUR
_e
_h840.8
_mم ن ج
999 _c91897
_d91897